Advances in project management (Record no. 115875)
[ view plain ]
| 000 -LEADER | |
|---|---|
| fixed length control field | 00886cam a22002295a 4500 |
| 001 - CONTROL NUMBER | |
| control field | L159410 |
| 008 - FIXED-LENGTH DATA ELEMENTS--GENERAL INFORMATION | |
| fixed length control field | 170427s2016 xxk f 000 0 eng d |
| 020 ## - INTERNATIONAL STANDARD BOOK NUMBER | |
| International Standard Book Number | 9781315565729 |
| 035 ## - SYSTEM CONTROL NUMBER | |
| System control number | (Sirsi) u159410 |
| 041 0# - LANGUAGE CODE | |
| Language code of text/sound track or separate title | eng |
| 100 1# - MAIN ENTRY--PERSONAL NAME | |
| Personal name | Dalcher, Darren |
| 245 00 - TITLE STATEMENT | |
| Title | Advances in project management |
| Medium | [electronic resource] |
| 250 ## - EDITION STATEMENT | |
| Edition statement | 1st edition |
| 260 ## - PUBLICATION, DISTRIBUTION, ETC. | |
| Place of publication, distribution, etc. | London |
| Name of publisher, distributor, etc. | Taylor & Francis Ltd |
| Date of publication, distribution, etc. | 2016 |
| 520 ## - SUMMARY, ETC. | |
| Summary, etc. | Looks at a range of topics involved in the project management chain including risk, supply chain, performance meaurement, sustainability, leadership, governance, programme management, decision-making, problem solving and psychology. |
| 590 ## - LOCAL NOTE (RLIN) | |
| Local note | KA |
| 650 24 - SUBJECT ADDED ENTRY--TOPICAL TERM | |
| Topical term or geographic name entry element | EBOOK |
| 651 #4 - SUBJECT ADDED ENTRY--GEOGRAPHIC NAME | |
| Geographic name | International |
| 690 ## - LOCAL SUBJECT ADDED ENTRY--TOPICAL TERM (OCLC, RLIN) | |
| Topical term or geographic name as entry element | Project management |
| 9 (RLIN) | 6261 |
| 856 40 - ELECTRONIC LOCATION AND ACCESS | |
| Uniform Resource Identifier | <a href="https://www.vlebooks.com/">https://www.vlebooks.com/</a> |
| Public note | View on VLEbooks. Logins for members only from [email protected] |
| 942 ## - ADDED ENTRY ELEMENTS (KOHA) | |
| Suppress in OPAC | 0 |
| Source of classification or shelving scheme | Dewey Decimal Classification |
| Withdrawn status | Lost status | Source of classification or shelving scheme | Damaged status | Not for loan | Home library | Current library | Shelving location | Date acquired | Total Checkouts | Full call number | Barcode | Date last seen | Copy number | Price effective from | Koha item type |
|---|---|---|---|---|---|---|---|---|---|---|---|---|---|---|---|
| Dewey Decimal Classification | Virtual | Virtual | Online | 27/04/2017 | ONLINE PUBLICATION | 159410-2001 | 06/08/2019 | 1 | 06/08/2019 | Book |